| 000 | 00493nam a22001937a 4500 | ||
|---|---|---|---|
| 005 | 20230926110004.0 | ||
| 008 | 230913b |||||||| |||| 00| 0 eng d | ||
| 020 | _a9781133953609 | ||
| 082 |
_a658.3 _bPHI-O |
||
| 100 | _aPhillips; Jean.M | ||
| 245 |
_aOrganizational Behavior : _bTools for Success |
||
| 250 | _a2nd.ed | ||
| 260 |
_aUSA _bSouth Westren Publisher _c2014 |
||
| 300 | _a574 | ||
| 500 | _aInclude Index | ||
| 650 | _aManagement | ||
| 700 | _aPhillips; Jean.M | ||
| 999 |
_c33536 _d33536 |
||